[Event "Checkmate Covid Rematch"]
[Site "chess.com INT"]
[Date "2021.06.05"]
[Round "?"]
[White "Graff, Ben"]
[Black "Sedgwick, D."]
[Result "1-0"]
[WhiteElo "1867"]
[BlackElo "1874"]
[PlyCount "89"]
[EventDate "2021.06.05"]
[SourceTitle "The Week in Chess 1388"]
[Source "Mark Crowther"]
[SourceDate "2021.06.14"]
[SourceVersion "1"]
[SourceVersionDate "2021.06.14"]
[SourceQuality "2"]

1. e4 e5 2. Nf3 d5 3. Nc3 Nf6 4. d3 d4 5. Ne2 h6 6. Nxe5 Bd6 7. Nf3 Nc6 8. Ng3
Bg4 9. Be2 h5 10. h3 Bxf3 11. Bxf3 h4 12. Nf5 g6 13. Nxd6+ Qxd6 14. Qe2 Ne5 15.
O-O O-O-O 16. Bg5 Rde8 17. Qd1 Nh5 18. Bd2 Nxf3+ 19. Qxf3 Re6 20. Qxf7 Rf6 21.
Qc4 Nf4 22. Bxf4 Rxf4 23. Rae1 g5 24. e5 Qe7 25. e6 g4 26. hxg4 Rxg4 27. f3
Rgg8 28. Qxd4 h3 29. Qd7+ Qxd7 30. exd7+ Kxd7 31. g4 Re8 32. Kh2 Rxe1 33. Rxe1
Rf8 34. Kxh3 Rxf3+ 35. Kg2 Rf4 36. Re4 Rf6 37. g5 Rg6 38. Rg4 Ke6 39. Kf3 Kf5
40. c3 Rxg5 41. Rxg5+ Kxg5 42. Ke4 Kf6 43. Kd5 Ke7 44. d4 c6+ 45. Kc5 1-0

[Event "Rated Blitz game"]
[Site "?"]
[Date "2021.06.05"]
[Round "?"]
[White "Webmc3"]
[Black "liaqat321"]
[Result "1/2-1/2"]
[WhiteElo "2420"]
[BlackElo "2395"]
[PlyCount "43"]
[EventDate "2021.??.??"]
[EventType "blitz"]

1. e4 e5 2. Nf3 d5 3. exd5 e4 4. Ne5 Qxd5 5. d4 exd3 6. Nxd3 Nf6 7. Nc3 Qd8 8.
g3 Be7 9. Bg2 O-O 10. O-O Nc6 11. h3 Nd4 12. Be3 c5 13. Nf4 Bf5 14. Rc1 Rc8 15.
Ncd5 b6 16. c3 Ne6 17. g4 Nxf4 18. Nxf6+ Bxf6 19. Bxf4 Bg6 20. Bb7 Qxd1 21.
Rfxd1 Rcd8 22. Bc7 {Normal} 1/2-1/2

[Event "Rated Blitz game"]
[Site "?"]
[Date "2021.06.05"]
[Round "?"]
[White "Rahimov_1973"]
[Black "pasha1984"]
[Result "1-0"]
[WhiteElo "2510"]
[BlackElo "2426"]
[PlyCount "93"]
[EventDate "2021.??.??"]
[EventType "blitz"]

1. e4 e5 2. Nf3 d5 3. exd5 e4 4. Qe2 Nf6 5. d3 Qxd5 6. Nc3 Bb4 7. Bd2 Bxc3 8.
Bxc3 O-O 9. dxe4 Nxe4 10. Rd1 Nxc3 11. Rxd5 Nxe2 12. Bxe2 Nc6 13. O-O Re8 14.
Bc4 Be6 15. Rc5 Bxc4 16. Rxc4 Rad8 17. g3 Re2 18. b4 a6 19. a4 Rd7 20. b5 axb5
21. axb5 Na5 22. Rc3 h6 23. Re1 Rxe1+ 24. Nxe1 c6 25. b6 Rd1 26. Kf1 Rb1 27.
Rc5 Rb5 28. Rxb5 cxb5 29. Nd3 Nc4 30. Nc5 Nxb6 31. Nxb7 Kf8 32. Nd6 b4 33. Ke2
Ke7 34. Nf5+ Kf6 35. Nd4 g5 36. Kd3 g4 37. Nc6 Nd5 38. Kd4 Nc3 39. Nxb4 Nd1 40.
Nd3 Ke6 41. c4 f5 42. c5 h5 43. Kc4 Kd7 44. Kd5 h4 45. gxh4 f4 46. Ke4 g3 47.
hxg3 {Normal} 1-0

[Event "Rated Blitz game"]
[Site "?"]
[Date "2021.06.05"]
[Round "?"]
[White "weavthemates"]
[Black "Slimslik02"]
[Result "0-1"]
[WhiteElo "2503"]
[BlackElo "2318"]
[PlyCount "110"]
[EventDate "2021.??.??"]
[EventType "blitz"]

1. e4 e5 2. Nf3 d5 3. Nxe5 Bd6 4. d4 dxe4 5. Nc4 Nf6 6. Nc3 O-O 7. Bg5 Re8 8.
Be2 h6 9. Bh4 Be7 10. Qd2 Bf5 11. Ne3 Bh7 12. O-O-O Nbd7 13. Rhg1 c5 14. d5 Ne5
15. d6 Bf8 16. f4 exf3 17. gxf3 Ng6 18. Bg3 Nh5 19. Bc4 a6 20. Qd5 Re6 21. Qxh5
Rxe3 22. Ne4 Qd7 23. Bf2 Nf4 24. Qxf7+ Qxf7 25. Bxf7+ Kxf7 26. Bxe3 Ne2+ 27.
Kd2 Nxg1 28. Bxg1 Bxe4 29. fxe4 Bxd6 30. Rf1+ Kg8 31. Rf5 Rd8 32. Rd5 Bf4+ 33.
Kd3 Rc8 34. c4 b5 35. Rxc5 bxc4+ 36. Kxc4 Rxc5+ 37. Bxc5 Bxh2 38. a4 Kf7 39. b4
g5 40. b5 axb5+ 41. axb5 Bb8 42. Be3 Ke6 43. Kc5 Ba7+ 44. b6 Bb8 45. Kc6 g4 46.
Bxh6 g3 47. Be3 g2 48. Bg1 Bg3 49. b7 Bf4 50. Kc5 Bb8 51. Kd4 Ba7+ 52. Kd3 Bb8
53. Ke2 Ke5 54. Kf3 Ke6 55. Kxg2 Kd7 {Time forfeit} 0-1

[Event "Rated Blitz tournament UbMQuXY3"]
[Site "?"]
[Date "2021.06.05"]
[Round "?"]
[White "drah_ciR"]
[Black "Elkut"]
[Result "1-0"]
[WhiteElo "2508"]
[BlackElo "2239"]
[PlyCount "62"]
[EventDate "2021.??.??"]
[EventType "blitz"]

1. e4 e5 2. Nf3 d5 3. Nxe5 dxe4 4. d4 Bd6 5. Nc4 Nf6 6. Nxd6+ cxd6 7. Bg5 d5 8.
Be2 Nc6 9. c4 Be6 10. Nc3 a6 11. cxd5 Bxd5 12. Bxf6 gxf6 13. O-O Rg8 14. g3 Qd7
15. Qd2 Qh3 16. Qe3 O-O-O 17. Rab1 f5 18. b4 f4 19. Qxf4 e3 20. Nxd5 exf2+ 21.
Rxf2 Rxd5 22. b5 axb5 23. Bxb5 Nxd4 24. Rc1+ Nc6 25. Bxc6 bxc6 26. Rxc6+ Kd8
27. Qc7+ Ke8 28. Qxf7+ Kd8 29. Qxg8+ Kd7 30. Qxd5+ Ke7 31. Rf7+ Ke8 {Normal}
1-0

[Event "Rated Blitz game"]
[Site "?"]
[Date "2021.06.05"]
[Round "?"]
[White "Champion_best"]
[Black "KamranShirazi"]
[Result "0-1"]
[WhiteElo "2439"]
[BlackElo "2498"]
[PlyCount "66"]
[EventDate "2021.??.??"]
[EventType "blitz"]

1. e4 e5 2. Nf3 d5 3. Nxe5 Bd6 4. d4 dxe4 5. Bc4 Bxe5 6. Qh5 Qe7 7. dxe5 Nc6 8.
Bf4 Be6 9. Bb5 Qb4+ 10. Nc3 Qxb2 11. Bxc6+ bxc6 12. O-O Qxc3 13. Rad1 Ne7 14.
Bd2 Qc4 15. Rfe1 O-O 16. Bg5 Ng6 17. Be3 Rfd8 18. h4 Qxa2 19. Qg5 Rxd1 20. Rxd1
h6 21. Qg3 Qxc2 22. Rc1 Qe2 23. Rxc6 Qg4 24. Qxg4 Bxg4 25. Rxc7 a5 26. Bd4 a4
27. e6 Bxe6 28. g3 a3 29. h5 a2 30. Ba1 Ne5 31. Kg2 Ra5 32. Rc2 Nd3 33. f4 Ne1+
{Normal} 0-1

[Event "Rated Blitz game"]
[Site "?"]
[Date "2021.06.05"]
[Round "?"]
[White "Frundsberg1"]
[Black "liaqat321"]
[Result "1-0"]
[WhiteElo "2412"]
[BlackElo "2390"]
[PlyCount "121"]
[EventDate "2021.??.??"]
[EventType "blitz"]

1. e4 e5 2. Nf3 d5 3. Nc3 d4 4. Ne2 Nc6 5. Ng3 a6 6. Bc4 Be6 7. Bxe6 fxe6 8. c3
Bc5 9. Nxe5 Nxe5 10. Qh5+ Ng6 11. Qxc5 dxc3 12. dxc3 Nf6 13. Bg5 Qd6 14. Qc4
O-O-O 15. O-O h6 16. Be3 Ng4 17. Rfe1 h5 18. h3 h4 19. Nf1 Nxe3 20. Nxe3 Ne5
21. Qb3 Qe7 22. Rad1 Kb8 23. Nc4 Nd3 24. Na5 Nc5 25. Nc6+ Ka8 26. Nxe7 Nxb3 27.
axb3 Rde8 28. Ng6 e5 29. Rd7 Rh6 30. Rxg7 Re6 31. Nf8 Rb6 32. b4 c5 33. Nd7
Rbd6 34. Nxc5 Rb6 35. Rd1 Ka7 36. Rd8 Rhd6 37. Rgg8 Rxd8 38. Rxd8 a5 39. Rd5
axb4 40. cxb4 Rxb4 41. Rxe5 Rxb2 42. Re7 Rb1+ 43. Kh2 Rf1 44. Rxb7+ Ka8 45. f3
Rc1 46. Rb5 Ka7 47. e5 Re1 48. e6 Ka8 49. Ne4 Rc1 50. e7 Rc8 51. Nd6 Rg8 52.
e8=Q+ Rxe8 53. Nxe8 Ka7 54. Nd6 Ka6 55. Rb2 Ka5 56. f4 Ka4 57. Rb7 Ka3 58. f5
Ka4 59. f6 Ka5 60. f7 Ka4 61. f8=Q {Normal} 1-0

[Event "Rated Blitz tournament eoDVEjRm"]
[Site "?"]
[Date "2021.06.05"]
[Round "?"]
[White "Jason_47"]
[Black "ChessPhoenix010"]
[Result "0-1"]
[WhiteElo "2202"]
[BlackElo "2496"]
[PlyCount "90"]
[EventDate "2021.??.??"]
[EventType "blitz"]

1. e4 e5 2. Nf3 d5 3. exd5 e4 4. Nd4 Qxd5 5. Nb3 Nf6 6. Nc3 Qd8 7. Bc4 Bg4 8.
Be2 Bf5 9. O-O Bd6 10. h3 O-O 11. d3 Nc6 12. dxe4 Nxe4 13. Nxe4 Bxe4 14. Bd3
Bxd3 15. Qxd3 Re8 16. Rd1 Qf6 17. Bd2 Qe5 18. g3 Qe6 19. Kg2 Ne5 20. Qe4 Qd7
21. Bc3 Nc6 22. Qg4 Qxg4 23. hxg4 Re2 24. Rac1 Ne5 25. Bxe5 Bxe5 26. Re1 Rxe1
27. Rxe1 Bxb2 28. Re7 Rc8 29. Nc5 Ba3 30. Re5 Bxc5 31. Rxc5 b6 32. Rc6 Kf8 33.
Kf3 Ke7 34. Ke4 Kd7 35. Rc3 Re8+ 36. Kd5 Re6 37. f4 c6+ 38. Kd4 Kd6 39. Rd3 c5+
40. Kc4+ Kc6 41. Rd8 Re3 42. Rc8+ Kb7 43. Rf8 Rxg3 44. Rxf7+ Kc6 45. Rxg7 b5# {
Normal} 0-1

[Event "Rated Blitz game"]
[Site "?"]
[Date "2021.06.05"]
[Round "?"]
[White "Licenciadomate"]
[Black "ibrahim_karpove2700"]
[Result "1/2-1/2"]
[WhiteElo "2473"]
[BlackElo "2341"]
[PlyCount "122"]
[EventDate "2021.??.??"]
[EventType "blitz"]

1. e4 e5 2. Nf3 d5 3. Nxe5 Bd6 4. Nf3 dxe4 5. Qe2 Qe7 6. Nd4 Nf6 7. d3 exd3 8.
Qxe7+ Bxe7 9. Bxd3 O-O 10. O-O c5 11. Nf5 Bd8 12. Re1 Nc6 13. b3 Nb4 14. Ne7+
Bxe7 15. Rxe7 Nxd3 16. cxd3 Bf5 17. Rxb7 Bxd3 18. Bb2 Rfe8 19. Nd2 Re2 20. Bxf6
Rxd2 21. Be7 c4 22. bxc4 Bxc4 23. Rc1 Bxa2 24. Rxa7 Re8 25. h3 h6 26. Rc3 Re2
27. Bc5 Bd5 28. Rg3 R2e6 29. Bd4 Rg6 30. Rxg6 fxg6 31. Rxg7+ Kf8 32. Rxg6 Re4
33. Be3 h5 34. Rg5 Bf7 35. Kh2 Ra4 36. Kg3 Ke7 37. h4 Kf6 38. Rc5 Rg4+ 39. Kf3
Ra4 40. g3 Kg6 41. Rg5+ Kf6 42. Bf4 Ra3+ 43. Kg2 Ra2 44. Be5+ Ke6 45. Bd4 Be8
46. Be3 Bc6+ 47. Kf1 Be8 48. Ke1 Bf7 49. f3 Rg2 50. Bf4 Kf6 51. Rc5 Ra2 52. g4
hxg4 53. fxg4 Ra4 54. Rf5+ Kg6 55. h5+ Kg7 56. Be5+ Kg8 57. h6 Rxg4 58. h7+
Kxh7 59. Rxf7+ Kg6 60. Re7 Re4+ 61. Kd2 Kf5 {Normal} 1/2-1/2

[Event "Rated Blitz game"]
[Site "?"]
[Date "2021.06.05"]
[Round "?"]
[White "NormWeinstein"]
[Black "oALYUTANGz76"]
[Result "1-0"]
[WhiteElo "2510"]
[BlackElo "2333"]
[PlyCount "41"]
[EventDate "2021.??.??"]
[EventType "blitz"]

1. e4 e5 2. Nf3 d5 3. d4 dxe4 4. Nxe5 Bd6 5. Bf4 Bf5 6. Be2 f6 7. g4 Be6 8. Nc3
fxe5 9. dxe5 Bb4 10. Qxd8+ Kxd8 11. O-O-O+ Nd7 12. Nxe4 Bxa2 13. b3 Ba3+ 14.
Kd2 Bb2 15. Nc3 Bxc3+ 16. Kxc3 a5 17. Kb2 Bxb3 18. cxb3 a4 19. bxa4 Rxa4 20.
Rxd7+ Kc8 21. Rhd1 {Normal} 1-0

[Event "Rated Blitz tournament noUu8AKw"]
[Site "?"]
[Date "2021.06.05"]
[Round "?"]
[White "juniorwestprog"]
[Black "yatayo"]
[Result "1/2-1/2"]
[WhiteElo "2237"]
[BlackElo "2443"]
[PlyCount "108"]
[EventDate "2021.??.??"]
[EventType "blitz"]

1. e4 e5 2. Nf3 d5 3. Nc3 dxe4 4. Nxe4 f5 5. Nc3 e4 6. Ne5 Nf6 7. Bc4 Qd4 8.
Nf7 Qxc4 9. Nxh8 Qg8 10. d3 Qxh8 11. dxe4 Nxe4 12. Qe2 Bb4 13. f3 g6 14. Bd2
Nc6 15. fxe4 Nd4 16. Qd3 Be6 17. O-O-O O-O-O 18. Kb1 fxe4 19. Nxe4 Bxd2 20.
Rxd2 Bf5 21. Rhd1 Qe5 22. Qc3 Qxe4 23. Rxd4 Rxd4 24. Qxd4 Qxc2+ 25. Ka1 b6 26.
Qd2 Qa4 27. b3 Qa3 28. Rc1 Be4 29. Qf4 Qe7 30. Qd2 a5 31. g3 Kb7 32. Qc3 h5 33.
Re1 c5 34. a4 Qe6 35. Ka2 Qd5 36. Qe3 Bf5 37. Qe7+ Ka6 38. Qe2+ Bd3 39. Rd1 c4
40. Qd2 cxb3+ 41. Kb2 Qd4+ 42. Qc3 Qxc3+ 43. Kxc3 Bc2 44. Rd6 Kb7 45. Rf6 Kc7
46. Rf7+ Kc6 47. Rf6+ Kc5 48. Rf8 Kc6 49. Rf6+ Kc5 50. Rf8 Kc6 51. Rf6+ Kb7 52.
Rf7+ Kc6 53. Rf6+ Kc5 54. Rf8 Kc6 {Normal} 1/2-1/2

[Event "Rated Blitz game"]
[Site "?"]
[Date "2021.06.05"]
[Round "?"]
[White "starypolak"]
[Black "pasha1984"]
[Result "0-1"]
[WhiteElo "2393"]
[BlackElo "2422"]
[PlyCount "100"]
[EventDate "2021.??.??"]
[EventType "blitz"]

1. e4 e5 2. Nf3 d5 3. Nxe5 dxe4 4. d4 Bd6 5. Nc4 Nc6 6. Nc3 Bb4 7. Be3 Nf6 8.
Be2 O-O 9. O-O Bxc3 10. bxc3 Nd5 11. Qd2 f5 12. Bg5 Nf6 13. Rad1 h6 14. Bf4 Nd5
15. Ne5 Nce7 16. c4 Nxf4 17. Qxf4 g5 18. Qd2 Qe8 19. c5 Be6 20. c4 Ng6 21. Nxg6
Qxg6 22. d5 Bf7 23. f3 Rae8 24. fxe4 fxe4 25. Qe3 Qh7 26. Bg4 Bg6 27. Be6+ Kh8
28. Rf2 Rxf2 29. Qxf2 Qg7 30. Rf1 b6 31. c6 a5 32. a3 Re7 33. Qf8+ Qxf8 34.
Rxf8+ Kg7 35. Rc8 Kf6 36. Kf2 Ke5 37. Ke3 Kd6 38. Kd4 Re8 39. Rxe8 Bxe8 40.
Kxe4 Bxc6 41. Kf5 Ba4 42. Kg6 Bb3 43. Kxh6 Bxc4 44. Kxg5 b5 45. h4 b4 46. axb4
a4 47. h5 a3 48. h6 a2 49. h7 a1=Q 50. h8=Q Qxh8 {Normal} 0-1

[Event "Rated Blitz game"]
[Site "?"]
[Date "2021.06.05"]
[Round "?"]
[White "Suhov549"]
[Black "liaqat321"]
[Result "1-0"]
[WhiteElo "2480"]
[BlackElo "2392"]
[PlyCount "51"]
[EventDate "2021.??.??"]
[EventType "blitz"]

1. e4 e5 2. Nf3 d5 3. exd5 e4 4. Ne5 Qxd5 5. d4 exd3 6. Nxd3 Nf6 7. Nc3 Qd8 8.
Bg5 Be7 9. Qd2 O-O 10. O-O-O c6 11. Be2 b5 12. Bf3 b4 13. Na4 Qa5 14. b3 Nbd7
15. Rhe1 Re8 16. Bxc6 Rb8 17. Bxf6 gxf6 18. Nf4 Qc7 19. Rxe7 Rxe7 20. Nd5 Qe5
21. Nxe7+ Kf8 22. Kb1 Qxe7 23. Bxd7 Bb7 24. Qh6+ Kg8 25. Bf5 Qe2 26. Bxh7+ {
Normal} 1-0

[Event "Rated Blitz game"]
[Site "?"]
[Date "2021.06.05"]
[Round "?"]
[White "Aronian1111"]
[Black "vovaches"]
[Result "0-1"]
[WhiteElo "2467"]
[BlackElo "2528"]
[PlyCount "132"]
[EventDate "2021.??.??"]
[EventType "blitz"]

1. e4 e5 2. Nf3 d5 3. exd5 e4 4. Qe2 Nf6 5. d3 Qxd5 6. Nbd2 Nc6 7. dxe4 Qh5 8.
Qb5 Bc5 9. Nb3 Nxe4 10. Nxc5 Qxc5 11. Be3 Qxb5 12. Bxb5 Bd7 13. O-O-O O-O-O 14.
Rhe1 Nd6 15. Bf1 f6 16. Nd4 Nxd4 17. Bxd4 Bb5 18. Bxb5 Nxb5 19. Be3 Rxd1+ 20.
Rxd1 Re8 21. c4 Nd6 22. b3 b6 23. Kc2 Nf5 24. Rd3 c5 25. Kd2 Kc7 26. f3 Kc6 27.
Bf2 h5 28. g4 hxg4 29. fxg4 Nh6 30. h3 Nf7 31. Bg3 Re6 32. a3 Ng5 33. Bf4 Ne4+
34. Kc2 g5 35. Bc1 Nf2 36. Rf3 Re2+ 37. Kc3 Kd7 38. Be3 Nd1+ 39. Kd3 Rb2 40.
Bg1 Rxb3+ 41. Ke2 Rxf3 42. Kxf3 Nb2 43. h4 gxh4 44. Bf2 h3 45. Kg3 Nxc4 46. a4
a5 47. Kxh3 Nb2 48. Kg3 Nxa4 49. Kf4 Ke6 50. Bh4 Nc3 51. Be1 Nd5+ 52. Ke4 a4
53. Bd2 b5 54. Bc1 b4 55. g5 fxg5 56. Bxg5 a3 57. Bc1 c4 58. Kd4 c3 59. Kc4 a2
60. Kb3 a1=Q 61. Kc2 Qa2+ 62. Kd3 b3 63. Be3 Qc2+ 64. Kd4 Nxe3 65. Kxe3 b2 66.
Kd4 b1=Q {Normal} 0-1

[Event "Checkmate Covid Rematch"]
[Site "chess.com INT"]
[Date "2021.06.05"]
[Round "?"]
[White "Burkhardt, H.."]
[Black "Sedgwick, D.."]
[Result "0-1"]
[WhiteElo "1987"]
[BlackElo "1874"]
[PlyCount "30"]
[EventDate "2021.06.05"]

1. e4 e5 2. Nf3 d5 3. exd5 Bd6 4. Nc3 Nf6 5. Bc4 O-O 6. O-O e4 7. Ng5 Bxh2+ 8.
Kxh2 Ng4+ 9. Kg1 Qxg5 10. Nxe4 Qh4 11. Re1 Qh2+ 12. Kf1 Qh1+ 13. Ke2 Qxg2 14.
d3 Nxf2 15. Nxf2 Bg4+ 0-1

[Event "Rated Rapid game"]
[Site "?"]
[Date "2021.06.05"]
[Round "?"]
[White "dkjo"]
[Black "DarthZannah"]
[Result "0-1"]
[WhiteElo "2383"]
[BlackElo "2568"]
[PlyCount "54"]
[EventDate "2021.??.??"]
[EventType "rapid"]

1. e4 e5 2. Nf3 d5 3. Nxe5 dxe4 4. d4 Nd7 5. Nc4 Nb6 6. Nc3 f5 7. h4 Nf6 8. Bg5
Be6 9. Ne3 Be7 10. Be2 c6 11. a3 Qd7 12. Qd2 O-O-O 13. O-O-O Kb8 14. Kb1 Ka8
15. g3 h6 16. Bf4 Rhe8 17. Rhe1 Bf7 18. Qc1 Qe6 19. b3 Nh5 20. Be5 Nf6 21. f4
g5 22. hxg5 hxg5 23. Rh1 Nfd7 24. Nc4 Qg6 25. Rdg1 Nxc4 26. bxc4 Nxe5 27. fxe5
Rxd4 {Normal} 0-1

[Event "Rated Blitz tournament iJhMVbjw"]
[Site "?"]
[Date "2021.06.05"]
[Round "?"]
[White "Tsetsen11"]
[Black "erka1118"]
[Result "0-1"]
[WhiteElo "2256"]
[BlackElo "2430"]
[PlyCount "122"]
[EventDate "2021.??.??"]
[EventType "blitz"]

1. e4 e5 2. Nf3 d5 3. exd5 e4 4. Qe2 Nf6 5. Nc3 Be7 6. Nxe4 O-O 7. Nxf6+ Bxf6
8. d4 Qxd5 9. Be3 Nc6 10. Qb5 Qd6 11. Be2 Nb4 12. Qc4 Be6 13. Qc3 Bf5 14. Bd1
Rad8 15. O-O Nc6 16. Qc5 Qxc5 17. dxc5 Bxb2 18. Rb1 Bc3 19. Rxb7 Bc8 20. Rxc7
Ba6 21. Rxc6 Bxf1 22. Kxf1 Rxd1+ 23. Ke2 Rd7 24. Ra6 Re8 25. g4 g6 26. g5 Rc7
27. Kd3 Bg7 28. Nd4 Rxc5 29. Rxa7 Rec8 30. h4 Rc3+ 31. Ke4 Re8+ 32. Kd5 Rd8+
33. Ke4 Rc4 34. Kd3 Rcxd4+ 35. Bxd4 Bxd4 36. Rb7 Bxf2+ 37. Kc4 Bxh4 38. Rb5 h5
39. gxh6 g5 40. a4 Kh7 41. a5 g4 42. Rh5 g3 43. Rxh4 g2 44. Rg4 Rg8 45. Rxg2
Rxg2 46. c3 Kxh6 47. Kb5 f5 48. a6 f4 49. a7 Ra2 50. Kb6 f3 51. c4 f2 52. c5
f1=Q 53. c6 Qa6+ 54. Kc5 Qxa7+ 55. Kd6 Rc2 56. Ke5 Qc7+ 57. Kd5 Qxc6+ 58. Ke5
Rc4 59. Kf5 Kh5 60. Ke5 Re4+ 61. Kf5 Qe6# {Normal} 0-1

[Event "Rated Blitz tournament J0EmXKjM"]
[Site "?"]
[Date "2021.06.05"]
[Round "?"]
[White "AznSky4u"]
[Black "Amurskayakula11"]
[Result "1-0"]
[WhiteElo "2472"]
[BlackElo "2404"]
[PlyCount "117"]
[EventDate "2021.??.??"]
[EventType "blitz"]

1. e4 e5 2. Nf3 d5 3. exd5 e4 4. Qe2 Nf6 5. d3 Qxd5 6. dxe4 Qxe4 7. Nc3 Qxe2+
8. Bxe2 Nc6 9. Bf4 Bb4 10. O-O-O O-O 11. Nb5 Bf5 12. Nbd4 Nxd4 13. Nxd4 Bg6 14.
Bxc7 Rac8 15. Be5 Ne4 16. Rhf1 Rfd8 17. f3 Nc5 18. c3 Ba5 19. Bg3 a6 20. Rfe1
b5 21. b4 Bxb4 22. cxb4 Nd3+ 23. Kd2 Rxd4 24. Bxd3 Rxd3+ 25. Ke2 Rc2+ 26. Kf1
Rxd1 27. Rxd1 h5 28. Bd6 Rxa2 29. h3 Bc2 30. Rd2 Ra1+ 31. Kf2 Bb3 32. Kg3 g5
33. h4 f6 34. Rd4 Kf7 35. hxg5 fxg5 36. Bc5 Be6 37. Rd6 h4+ 38. Kf2 Ra2+ 39.
Kg1 h3 40. gxh3 Bxh3 41. Rd4 Kg6 42. Rd6+ Kf5 43. Bf2 g4 44. fxg4+ Bxg4 45. Rd3
Kf4 46. Rc3 Bf3 47. Rc1 Re2 48. Re1 Be4 49. Rxe2 Kf3 50. Re3+ Kf4 51. Rg3 Kf5
52. Rg7 Ke5 53. Ra7 Bd3 54. Rxa6 Kd5 55. Ra5 Kc4 56. Bc5 Be4 57. Ra7 Bd3 58.
Re7 Kb3 59. Re3 {Time forfeit} 1-0

[Event "Rated Blitz game"]
[Site "?"]
[Date "2021.06.05"]
[Round "?"]
[White "strong_player_007"]
[Black "pasha1984"]
[Result "1-0"]
[WhiteElo "2391"]
[BlackElo "2421"]
[PlyCount "57"]
[EventDate "2021.??.??"]
[EventType "blitz"]

1. e4 e5 2. Nf3 d5 3. d4 dxe4 4. Nxe5 Bd6 5. Nc4 Nc6 6. Nxd6+ Qxd6 7. c3 Qg6 8.
g3 Bg4 9. Qc2 Bf3 10. Rg1 Nf6 11. Be3 Ng4 12. h3 Nxe3 13. fxe3 O-O-O 14. Nd2
Qf5 15. g4 Qg5 16. Kf2 Qh4+ 17. Rg3 f5 18. Nxf3 exf3 19. Qxf5+ Kb8 20. Bb5 Ne7
21. Qh5 Qf6 22. Rxf3 Qb6 23. Qc5 Qe6 24. Bc4 Qe4 25. Kg3 Rhf8 26. Raf1 Rxf3+
27. Rxf3 Ng6 28. Qf5 Qc6 29. Qe6 {Normal} 1-0

[Event "Rated Blitz game"]
[Site "?"]
[Date "2021.06.05"]
[Round "?"]
[White "Suhov549"]
[Black "liaqat321"]
[Result "0-1"]
[WhiteElo "2483"]
[BlackElo "2389"]
[PlyCount "124"]
[EventDate "2021.??.??"]
[EventType "blitz"]

1. e4 e5 2. Nf3 d5 3. exd5 e4 4. Ne5 Qxd5 5. d4 exd3 6. Nxd3 Nf6 7. Nc3 Qd8 8.
Bg5 Be7 9. Be2 O-O 10. Qd2 c6 11. O-O-O b5 12. Bf3 a5 13. Nxb5 cxb5 14. Bxa8
Nbd7 15. Bf3 a4 16. Nf4 a3 17. b3 Qc7 18. Rhe1 Bc5 19. Nd5 Qa7 20. Nxf6+ Nxf6
21. Be3 Bf5 22. Bxc5 Qxc5 23. Re2 h6 24. Qd4 Qc7 25. Qe5 Qc8 26. Qxb5 Qc3 27.
Qe5 Qc8 28. Qd4 Bg6 29. g4 Qc7 30. h4 Rc8 31. c4 Qa5 32. h5 Bh7 33. Qe5 Qb6 34.
Bd5 Rf8 35. f3 Nd7 36. Qd4 Qd8 37. f4 Qh4 38. Bf3 Nf6 39. c5 Nxg4 40. c6 Nf6
41. b4 Qh3 42. Qc3 Rc8 43. b5 Be4 44. Re3 Bxf3 45. Rxf3 Qxh5 46. Qb3 Qc5+ 47.
Rc3 Qf5 48. Qxa3 Qxf4+ 49. Rd2 Ne4 50. Qb2 Nxd2 51. Qxd2 Qf1+ 52. Kc2 Qxb5 53.
c7 Qf5+ 54. Qd3 Qf2+ 55. Kb3 Qb6+ 56. Kc2 Rxc7 57. Qd8+ Kh7 58. Qxc7 Qf2+ 59.
Kb3 Qf5 60. Kc4 Qe6+ 61. Kc5 Qe4 62. Kb6 Qg6+ {Time forfeit} 0-1

[Event "Rated Blitz game"]
[Site "?"]
[Date "2021.06.05"]
[Round "?"]
[White "ARTSIN"]
[Black "Nisamjamajkemi"]
[Result "1-0"]
[WhiteElo "2499"]
[BlackElo "2363"]
[PlyCount "51"]
[EventDate "2021.??.??"]
[EventType "blitz"]

1. e4 e5 2. Nf3 d5 3. exd5 e4 4. Qe2 Nf6 5. Nc3 Be7 6. Nxe4 O-O 7. d3 Nxd5 8.
Bd2 Nc6 9. O-O-O Bg4 10. Be3 f5 11. Nc3 Nxc3 12. bxc3 Ba3+ 13. Kd2 Re8 14. h3
Bh5 15. g4 fxg4 16. hxg4 Bxg4 17. Bh3 Bxf3 18. Qxf3 Ne5 19. Qe4 g6 20. Rdg1 Qf6
21. Qd5+ Kh8 22. f4 Nc6 23. Bd7 Rad8 24. f5 Rxe3 25. Rxg6 Qe5 26. Rxh7+ {Normal
} 1-0

[Event "Rated Blitz game"]
[Site "?"]
[Date "2021.06.05"]
[Round "?"]
[White "m1123456789"]
[Black "liaqat321"]
[Result "1-0"]
[WhiteElo "2405"]
[BlackElo "2399"]
[PlyCount "71"]
[EventDate "2021.??.??"]
[EventType "blitz"]

1. e4 e5 2. Nf3 d5 3. Nxe5 Bd6 4. d4 dxe4 5. Nc3 Nf6 6. Bg5 Bf5 7. Bf4 O-O 8.
Qe2 Nc6 9. Qe3 Qe7 10. O-O-O Nxe5 11. Bxe5 Bxe5 12. dxe5 Qxe5 13. h3 a6 14. g4
Bg6 15. f4 Qa5 16. f5 Bxf5 17. gxf5 Qxf5 18. Bc4 b5 19. Bb3 c5 20. Bd5 Rad8 21.
Bxe4 Qe6 22. Qf3 b4 23. Rxd8 Rxd8 24. Bf5 Qc4 25. Rd1 Rf8 26. Ne4 Nxe4 27. Qxe4
Qxa2 28. Bxh7+ Kh8 29. Qh4 g5 30. Qh6 Qa1+ 31. Kd2 Rd8+ 32. Bd3+ Kg8 33. Qh7+
Kf8 34. Qh8+ Ke7 35. Qe5+ Kf8 36. Rxa1 {Normal} 1-0

[Event "Rated Blitz game"]
[Site "?"]
[Date "2021.06.05"]
[Round "?"]
[White "Beletko"]
[Black "Gifroy"]
[Result "1-0"]
[WhiteElo "2447"]
[BlackElo "2442"]
[PlyCount "47"]
[EventDate "2021.??.??"]
[EventType "blitz"]

1. e4 e5 2. Nf3 d5 3. Nxe5 Bd6 4. d4 dxe4 5. Nc4 Be7 6. Nc3 Bf5 7. Be2 Nf6 8.
Bf4 O-O 9. Ne3 Bg6 10. h4 h5 11. g4 hxg4 12. Bxg4 Nxg4 13. Qxg4 Qd7 14. Qe2
Qxd4 15. h5 Bh7 16. Rd1 Qb4 17. Ned5 Qxb2 18. Nxe7+ Kh8 19. Be5 Nc6 20. Nxc6
bxc6 21. h6 f6 22. hxg7+ Kxg7 23. Qg4+ Kh8 24. Qg6 {Normal} 1-0

[Event "Rated Blitz game"]
[Site "?"]
[Date "2021.06.05"]
[Round "?"]
[White "crackcubano"]
[Black "CoachVincePalamede"]
[Result "1-0"]
[WhiteElo "2719"]
[BlackElo "2636"]
[PlyCount "121"]
[EventDate "2021.??.??"]
[EventType "blitz"]

1. e4 e5 2. Nf3 d5 3. exd5 e4 4. Ne5 Qxd5 5. d4 exd3 6. Nxd3 Nf6 7. Nc3 Qd8 8.
Be2 Bd6 9. O-O h6 10. Nb5 O-O 11. Nxd6 Qxd6 12. Bf4 Qd8 13. Bf3 Nc6 14. Nc5 Nd4
15. Be5 Nxf3+ 16. Qxf3 Qd5 17. Qxd5 Nxd5 18. c4 Nb6 19. b3 c6 20. Rad1 Bf5 21.
Rd4 Rad8 22. Rfd1 Rxd4 23. Rxd4 Re8 24. f4 f6 25. Bc7 Re2 26. Nxb7 Be4 27. Kf1
Rxa2 28. Rxe4 Nd7 29. Re7 Nf8 30. Bd6 Ng6 31. Re8+ Kf7 32. Re2 Ra1+ 33. Kf2 Nh4
34. Nc5 Nf5 35. Ne4 Nd4 36. Rb2 Ke6 37. Bc5 Nf5 38. Be3 a5 39. Nc5+ Kf7 40. Nd3
a4 41. bxa4 Rxa4 42. Rc2 Nd6 43. Nb2 Ra2 44. Kf3 g5 45. fxg5 hxg5 46. g4 Nxc4
47. Rxc4 Rxb2 48. Rxc6 Rxh2 49. Bd4 Rh3+ 50. Ke4 Rg3 51. Rxf6+ Ke7 52. Kf5 Rd3
53. Be5 Re3 54. Rg6 Kf7 55. Rxg5 Rb3 56. Rg7+ Kf8 57. Rc7 Kg8 58. g5 Rb8 59.
Bf6 Ra8 60. Kg6 Kf8 61. Rh7 {Normal} 1-0

[Event "Rated Blitz game"]
[Site "?"]
[Date "2021.06.05"]
[Round "?"]
[White "Beletko"]
[Black "Gifroy"]
[Result "0-1"]
[WhiteElo "2452"]
[BlackElo "2436"]
[PlyCount "90"]
[EventDate "2021.??.??"]
[EventType "blitz"]

1. e4 e5 2. Nf3 d5 3. Nxe5 Bd6 4. d4 dxe4 5. Nc4 Be7 6. Nc3 Bf5 7. Be2 Nf6 8.
Bf4 c6 9. Qd2 Nbd7 10. Nd6+ Bxd6 11. Bxd6 Nb6 12. Ba3 Qd7 13. Nd1 O-O-O 14. Ne3
Be6 15. Qa5 Kb8 16. O-O Nbd5 17. c4 Nf4 18. Rfe1 b6 19. Qe5+ Qc7 20. Qg5 Nxe2+
21. Rxe2 Rhg8 22. Rd2 h6 23. Qh4 g5 24. Qg3 Qxg3 25. hxg3 Rd7 26. Rad1 Rgd8 27.
b3 Kb7 28. Bb2 Ng4 29. d5 Nxe3 30. dxe6 Rxd2 31. Rxd2 Rxd2 32. e7 Rd1+ 33. Kh2
Nf1+ 34. Kh3 h5 35. e8=Q Nd2 36. Qxf7+ Ka6 37. Kh2 Nf1+ 38. Kh3 Ne3 39. g4
hxg4+ 40. Kg3 Nf1+ 41. Kxg4 Nd2 42. Kxg5 Nxc4 43. Qe8 Nxb2 44. Qc8+ Kb5 45. Qb7
Kb4 {Time forfeit} 0-1